Statistics for Chemical formulae

Click here to take the quiz!

General Stats

  • This quiz has been taken 22 times
  • The average score is 8 of 15

Answer Stats

Answer% Correct
Water
95%
Dioxygen
90%
Methane
90%
Ethanol
70%
Hydrochloric acid
70%
Butane
65%
Propane
65%
Benzene
50%
TNT
50%
Testosterone
35%
Chloroform
30%
Sulfuric acid
25%
LSD
15%
Paracetamol
10%
Menthol
5%

Score Distribution

Percentile by Number Answered

Percent of People with Each Score

Your Score History

You have not taken this quiz